000
00312nam a22001337a 4500
008
171113b xxu||||| |||| 00| 0 eng d
020
_a
9780071258128
041
_a
eng
080
_2
6 ED
_a
338
100
_a
53
101
_a
MAN
245
_a
NEW BUSINESS AND THE ENTREPRENEUR
_c
ROBERTS.S
942
_2
udc
_c
BK
999
_c
38260
_d
38260